000 00658nam a2200205 i 4500
001 21066
003 ES-MaACL
005 20250814090906.0
007 t|
008 021121s1957 sp ||||1| spa d
100 1 _aAgel, Henri.
_918542
245 1 3 _aEl cine:
_b[su técnica, su historia] /
_cHenri Agel ; presentación, adaptación y notas de Jesús Bilbao Garbizu.
260 _a[Bilbao] :
_bDesclée de Brouwer,
_c1957.
300 _a434 p., 7 lám ;
_c19 cm.
650 0 7 _aCinematografía
_2embne
_911038
650 4 _aCine-
_vHistoria.
_9171029
700 1 _aBilbao Garbizu, Jesús.
_928870
852 _aES-MaACL
_jC-12908
999 _c21066
_d21066